Billboard Hot 100 #1 Hits of 1973 - Statistics

General Stats
  • This quiz has been taken 14 times
  • The average score is 27 of 52
Answer Stats
Issue Date #1 Hit Artist % Correct
January 6 You're So Vain Carly Simon
80%
January 13 You're So Vain Carly Simon
80%
January 20 You're So Vain Carly Simon
80%
July 21 Bad, Bad Leroy Brown Jim Croce
70%
July 28 Bad, Bad Leroy Brown Jim Croce
70%
October 6 Half-Breed Cher
70%
October 13 Half-Breed Cher
70%
October 27 Midnight Train to Georgia Gladys Knight & the Pips
70%
November 3 Midnight Train to Georgia Gladys Knight & the Pips
70%
January 27 Superstition Stevie Wonder
70%
October 20 Angie The Rolling Stones
60%
May 26 Frankenstein The Edgar Winter Group
60%
February 24 Killing Me Softly With His Song Roberta Flack
60%
March 3 Killing Me Softly With His Song Roberta Flack
60%
March 10 Killing Me Softly With His Song Roberta Flack
60%
March 17 Killing Me Softly With His Song Roberta Flack
60%
March 31 Killing Me Softly With His Song Roberta Flack
60%
November 24 Photograph Ringo Starr
60%
August 4 The Morning After Maureen McGovern
60%
August 11 The Morning After Maureen McGovern
60%
April 21 Tie a Yellow Ribbon Round the Ole Oak Tree Dawn ft. Tony Orlando
60%
April 28 Tie a Yellow Ribbon Round the Ole Oak Tree Dawn ft. Tony Orlando
60%
May 5 Tie a Yellow Ribbon Round the Ole Oak Tree Dawn ft. Tony Orlando
60%
May 12 Tie a Yellow Ribbon Round the Ole Oak Tree Dawn ft. Tony Orlando
60%
December 29 Time in a Bottle Jim Croce
60%
February 3 Crocodile Rock Elton John
50%
February 10 Crocodile Rock Elton John
50%
February 17 Crocodile Rock Elton John
50%
March 24 Love Train The O'Jays
50%
June 2 My Love Paul McCartney & Wings
50%
June 9 My Love Paul McCartney & Wings
50%
June 16 My Love Paul McCartney & Wings
50%
June 23 My Love Paul McCartney & Wings
50%
December 15 The Most Beautiful Girl Charlie Rich
50%
December 22 The Most Beautiful Girl Charlie Rich
50%
April 7 The Night the Lights Went Out in Georgia Vicki Lawrence
50%
April 14 The Night the Lights Went Out in Georgia Vicki Lawrence
50%
September 15 Delta Dawn Helen Reddy
40%
June 30 Give Me Love (Give Me Peace on Earth) George Harrison
40%
September 8 Let's Get It On Marvin Gaye
40%
September 22 Let's Get It On Marvin Gaye
40%
December 1 Top of the World The Carpenters
40%
December 8 Top of the World The Carpenters
40%
September 29 We're An American Band Grand Funk
40%
August 25 Brother Louie Stories
30%
September 1 Brother Louie Stories
30%
November 10 Keep On Truckin' Eddie Kendricks
30%
November 17 Keep On Truckin' Eddie Kendricks
30%
August 18 Touch Me in the Morning Diana Ross
30%
July 7 Will It Go Round in Circles Billy Preston
30%
July 14 Will It Go Round in Circles Billy Preston
30%
May 19 You Are the Sunshine of My Life Stevie Wonder
20%
No matching quizzes found
Score Distribution
Percent of People with Each Score
Percentile by Number Answered
Your Score History
You have not taken this quiz